| Tag |
First Indicator |
Second Indicator |
Subfields |
| LEADER |
00000cam a2200000 4500 |
| 001 |
in00000028417 |
| 005 |
20151007061429.0 |
| 008 |
750128s1967 nyua 00000 eng |
| 010 |
|
|
|a 67015404
|
| 035 |
|
|
|a (OCoLC)01154050
|
| 035 |
|
|
|9 AAD2062AM
|
| 040 |
|
|
|a DLC
|c TOL
|d TXA
|d UtOrBLW
|
| 049 |
|
|
|a TXAM
|c [470535]
|
| 050 |
0 |
0 |
|a PR3511
|b .S3
|
| 092 |
|
|
|a 821
|b H566s
|
| 100 |
1 |
|
|a Herrick, Robert,
|d 1591-1674.
|
| 245 |
1 |
0 |
|a Poems /
|c Selected by Winfield Townley Scott. Drawings by Ellen Raskin.
|
| 264 |
|
1 |
|a New York :
|b Crowell,
|c [1967]
|
| 300 |
|
|
|a 126 pages :
|b illustrations ;
|c 21 cm.
|
| 336 |
|
|
|a text
|b txt
|2 rdacontent
|
| 337 |
|
|
|a unmediated
|b n
|2 rdamedia
|
| 338 |
|
|
|a volume
|b nc
|2 rdacarrier
|
| 490 |
0 |
|
|a The Crowell poets
|
| 700 |
1 |
|
|a Scott, Winfield Townley,
|d 1910-1968.
|
| 999 |
|
|
|a MARS
|
| 999 |
f |
f |
|s 31a7f1f6-3e41-331e-9b81-8b6b13aadc8f
|i 23bb4434-98b3-3306-b8b9-7003d62b6bf2
|t 0
|
| 952 |
f |
f |
|p normal
|a Texas A&M University
|b College Station
|c Sterling C. Evans Library
|d Evans: Library Stacks
|t 0
|e PR3511 .S3
|h Library of Congress classification
|i unmediated -- volume
|m A14801280715
|
| 998 |
f |
f |
|a PR3511 .S3
|t 0
|l Evans: Library Stacks
|